00289nam a2200121Ia 4500003000400000005001700004008004100021020001900062040001700081100002200098245002300120260002400143OSt20240301111833.0170524s9999 xx 000 0 und d a978-8179651285 ciimtu meerut aMEHRA- DR. RAMESH 0aMEDIA AND PRASARAN bN DELHI TAKSHSHILA